[Event "GER-ch U10"]
[Site "Willingen"]
[Date "2017.06.10"]
[Round "11"]
[White "Kageler, Anton Paul"]
[Black "Meusel, Johannes"]
[Result "1-0"]
[WhiteElo "1341"]
[BlackElo "1212"]
[PlyCount "149"]
[EventDate "2017.06.04"]
[EventType "swiss"]
[EventRounds "11"]
[EventCountry "GER"]
[SourceTitle "CBM 178 Extra"]
[Source "ChessBase"]
[SourceDate "2017.06.22"]
[SourceVersion "1"]
[SourceVersionDate "2017.06.22"]
[SourceQuality "1"]

1. e4 e5 2. Nf3 Nc6 3. Bc4 Bc5 4. c3 Nf6 5. d4 exd4 6. e5 d5 7. Bb5 Ne4 8. cxd4 Bb4+ 9. Bd2 Nxd2 10. Nbxd2 Bd7 11. 0-0 0-0 12. a3 Ba5 13. b4 Bb6 14. Nb3 a6 15. Be2 a5 16. b5 Na7 17. a4 c6 18. Nc5 Bxc5 19. dxc5 cxb5 20. Qxd5 Bc6 21. Qd6 bxa4 22. Bd1 Nb5 23. Qxd8 Rfxd8 24. Bxa4 Nc3 25. Bxc6 bxc6 26. Ra3 Rd3 27. Rfa1 Rd1+ 28. Rxd1 Nxd1 29. Nd4 Ra6 30. Nb3 a4 31. Kf1 Nb2 32. g3 Nc4 33. Ra2 Nxe5 34. Nd4 Nd7 35. Re2 f6 36. Re6 Nxc5 37. Rxc6 Rxc6 38. Nxc6 a3 39. Nb4 Nd3 40. Nc2 a2 41. Ke2 Nc1+ 42. Kd2 Nb3+ 43. Kc3 a1Q+ 44. Nxa1 Nxa1 45. Kb2 g5 46. Kxa1 Kg7 47. Kb2 Kg6 48. Kc3 Kh5 49. h3 f5 50. Kd3 f4 51. Ke4 fxg3 52. fxg3 g4 53. h4 Kg6 54. Kf4 h5 55. Ke5 Kh6 56. Kf5 Kh7 57. Kg5 Kg7 58. Kxh5 Kf6 59. Kxg4 Kg6 60. Kf4 Kh5 61. g4+ Kg6 62. h5+ Kf6 63. h6 Kg6 64. g5 Kh7 65. Kf5 Kh8 66. Kf6 Kh7 67. g6+ Kg8 68. g7 Kh7 69. Kf7 Kxh6 70. g8Q Kh5 71. Kf6 Kh4 72. Kf5 Kh3 73. Kf4 Kh2 74. Kf3 Kh3 75. Qg3# 1-0

[Event "GER-ch U10"]
[Site "Willingen"]
[Date "2017.06.09"]
[Round "10"]
[White "Meusel, Johannes"]
[Black "Gressler, Christian"]
[Result "0-1"]
[WhiteElo "1212"]
[BlackElo "1198"]
[PlyCount "66"]
[EventDate "2017.06.04"]
[EventType "swiss"]
[EventRounds "11"]
[EventCountry "GER"]
[SourceTitle "CBM 178 Extra"]
[Source "ChessBase"]
[SourceDate "2017.06.22"]
[SourceVersion "1"]
[SourceVersionDate "2017.06.22"]
[SourceQuality "1"]

1. e4 e6 2. d4 d5 3. e5 c5 4. Nf3 Nc6 5. Bb5 Qa5+ 6. Nc3 Bd7 7. Bd2 Qb6 8. Be3 a6 9. dxc5 Bxc5 10. Na4 Qa5+ 11. c3 Bxe3 12. Bxc6 Bxc6 13. fxe3 Bxa4 14. Qd4 Bc6 15. 0-0 Ne7 16. Ng5 Nf5 17. Qf4 h6 18. Nxf7 Kxf7 19. g4 g6 20. gxf5 gxf5 21. Qh4 Rag8+ 22. Kf2 Rg5 23. Rg1 Qd8 24. Rxg5 Qxg5 25. Qf4 Rg8 26. Qg3 Qxg3+ 27. hxg3 Rg4 28. Rh1 Kg6 29. Rh4 Kg5 30. Rxg4+ Kxg4 31. b4 h5 32. a3 b5 33. Kg2 d4+ 0-1

[Event "GER-ch U25-B"]
[Site "Willingen"]
[Date "2016.05.18"]
[Round "6"]
[White "Meusel, Johannes"]
[Black "Kalina, Lena"]
[Result "0-1"]
[WhiteElo "915"]
[BlackElo "1177"]
[PlyCount "118"]
[EventDate "2016.05.15"]
[EventType "swiss"]
[EventRounds "9"]
[EventCountry "GER"]
[SourceTitle "CBM 172 Extra"]
[Source "ChessBase"]
[SourceDate "2016.06.21"]
[SourceVersion "1"]
[SourceVersionDate "2016.06.21"]
[SourceQuality "1"]

1. e4 g6 2. Nf3 Bg7 3. Nc3 c6 4. Bc4 b5 5. Bb3 b4 6. Ne2 d5 7. exd5 cxd5 8. Ned4 a5 9. Ba4+ Bd7 10. Bb3 e6 11. Qe2 Ne7 12. a3 bxa3 13. Rxa3 0-0 14. 0-0 Nbc6 15. Nxc6 Bxc6 16. d4 Qb6 17. Re1 Nf5 18. Qd3 Nxd4 19. Nxd4 Bxd4 20. Be3 Bxe3 21. Qxe3 Qxe3 22. Rxe3 a4 23. Ba2 Rfb8 24. b3 axb3 25. Rexb3 Rxa3 26. Rxa3 Rb2 27. c3 Rc2 28. h3 Kg7 29. f3 Kf6 30. Kh2 h5 31. Kg3 h4+ 32. Kh2 g5 33. Kg1 Rc1+ 34. Kh2 Bb5 35. Rb3 Bc4 36. Ra3 Ra1 37. g4 hxg3+ 38. Kxg3 Rxa2 39. Rxa2 Bxa2 40. h4 gxh4+ 41. Kxh4 e5 42. Kg3 Bc4 43. Kf2 Kf5 44. Ke3 f6 45. Kf2 Kf4 46. Kg2 Ke3 47. Kg3 d4 48. cxd4 exd4 49. Kg4 d3 50. f4 d2 51. Kf5 d1Q 52. Kxf6 Kxf4 53. Ke7 Qd5 54. Ke8 Qf7+ 55. Kd8 Ke5 56. Kc8 Qe7 57. Kb8 Qd7 58. Ka8 Bd5+ 59. Kb8 Qb7# 0-1

[Event "GER-ch U25-B"]
[Site "Willingen"]
[Date "2016.05.16"]
[Round "3"]
[White "Beyer, Lorenz"]
[Black "Meusel, Johannes"]
[Result "0-1"]
[WhiteElo "1169"]
[BlackElo "915"]
[PlyCount "64"]
[EventDate "2016.05.15"]
[EventType "swiss"]
[EventRounds "9"]
[EventCountry "GER"]
[SourceTitle "CBM 172 Extra"]
[Source "ChessBase"]
[SourceDate "2016.06.21"]
[SourceVersion "1"]
[SourceVersionDate "2016.06.21"]
[SourceQuality "1"]

1. e4 e5 2. Nf3 Nc6 3. Bc4 Bc5 4. Nc3 Nf6 5. d3 d6 6. h3 Bd7 7. Bg5 h6 8. Bh4 g5 9. Bg3 Qe7 10. Qe2 Be6 11. Bxe6 Qxe6 12. Nb5 0-0-0 13. Nc3 Kb8 14. h4 g4 15. Nd2 Nd4 16. Qd1 Nd7 17. Na4 Rdf8 18. Nxc5 Nxc5 19. Nc4 Rhg8 20. c3 Nc6 21. b4 Nd7 22. b5 Ne7 23. a4 Nc5 24. a5 f5 25. b6 fxe4 26. bxa7+ Kxa7 27. Nb2 Qf5 28. d4 Na6 29. Nc4 Qf7 30. Ne3 Nf5 31. dxe5 Nxg3 32. fxg3 Qf2# 0-1